Corporate governance in the common-law world : (Record no. 22003)
[ view plain ]
| 000 -LEADER | |
|---|---|
| fixed length control field | 00966cam a22002655a 4500 |
| 001 - CONTROL NUMBER | |
| control field | 016885246 |
| 003 - CONTROL NUMBER IDENTIFIER | |
| control field | OSt |
| 005 - DATE AND TIME OF LATEST TRANSACTION | |
| control field | 20160721143659.0 |
| 008 - FIXED-LENGTH DATA ELEMENTS--GENERAL INFORMATION | |
| fixed length control field | 141003s2014 nyua frb f001 0 eng d |
| 020 ## - INTERNATIONAL STANDARD BOOK NUMBER | |
| International Standard Book Number | 9781107459434 (pbk.) |
| 040 ## - CATALOGING SOURCE | |
| Original cataloging agency | StDuBDS |
| Language of cataloging | eng |
| Transcribing agency | StDuBDS |
| Modifying agency | EG-ScBUE |
| 082 04 - DEWEY DECIMAL CLASSIFICATION NUMBER | |
| Edition number | 22 |
| Classification number | 346.0666 |
| Item number | BRU |
| 100 1# - MAIN ENTRY--PERSONAL NAME | |
| Personal name | Bruner, Christopher M., |
| Dates associated with a name | 1972- |
| 9 (RLIN) | 40391 |
| 245 10 - TITLE STATEMENT | |
| Title | Corporate governance in the common-law world : |
| Remainder of title | the political foundations of shareholder power / |
| Statement of responsibility, etc | Christopher M. Bruner. |
| 260 ## - PUBLICATION, DISTRIBUTION, ETC. (IMPRINT) | |
| Place of publication, distribution, etc | New York : |
| Name of publisher, distributor, etc | Cambridge University Press, |
| Date of publication, distribution, etc | 2014. |
| 300 ## - PHYSICAL DESCRIPTION | |
| Extent | xiii, 300 p. : |
| Other physical details | ill. ; |
| Dimensions | 24 cm. |
| 500 ## - GENERAL NOTE | |
| General note | Originally published : 2013. |
| 500 ## - GENERAL NOTE | |
| General note | Index : p. 293-300. |
| 504 ## - BIBLIOGRAPHY, ETC. NOTE | |
| Bibliography, etc | Includes bibliographical references. |
| 650 #7 - SUBJECT ADDED ENTRY--TOPICAL TERM | |
| Topical term or geographic name as entry element | Corporate governance |
| General subdivision | Law and legislation. |
| Source of heading or term | BUEsh |
| 9 (RLIN) | 36693 |
| 650 #7 - SUBJECT ADDED ENTRY--TOPICAL TERM | |
| Topical term or geographic name as entry element | Common law. |
| Source of heading or term | BUEsh |
| 9 (RLIN) | 40393 |
| 650 #7 - SUBJECT ADDED ENTRY--TOPICAL TERM | |
| Topical term or geographic name as entry element | Stockholders |
| General subdivision | Legal status, laws, etc. |
| Source of heading or term | BUEsh |
| 9 (RLIN) | 40394 |
| 653 ## - INDEX TERM--UNCONTROLLED | |
| Resource For college | Law |
| Arrived date list | July2016 |
| 942 ## - ADDED ENTRY ELEMENTS (KOHA) | |
| Source of classification or shelving scheme | Dewey Decimal Classification |
| Withdrawn status | Item status | Source of classification or shelving scheme | Damaged status | Not for loan | Vendor | Home library | Current library | Shelving location | Date acquired | Source of acquisition | Cost, normal purchase price | Serial Enumeration / chronology | Total Checkouts | Total Renewals | Full call number | Barcode | Date last seen | Date last borrowed | Cost, replacement price | Koha item type |
|---|---|---|---|---|---|---|---|---|---|---|---|---|---|---|---|---|---|---|---|---|
| Dewey Decimal Classification | Baccah | Central Library | Central Library | First floor | 21/07/2016 | Purchase | 322.00 | 26080 | 2 | 14 | 346.0666 BRU | 000032979 | 15/07/2025 | 09/01/2022 | 402.50 | Book - Borrowing |